Tvorba diferencovaných projektov účasti obyvateľstva na cestovnom ruchu a zotavení so zameraním na potreby geroprofylaxie výskumná úloha

Na minha lista:
Detalhes bibliográficos
Formato: Livro
Idioma:eslovaco
Publicado em: Bratislava Vysoká škola ekonomická 1982
Tags: Adicionar Tag
Sem tags, seja o primeiro a adicionar uma tag!

MARC

LEADER 00000nam a2200000 4500
001 c134763
005 20250708103106.8
041 0 |a slo 
044 |a SK 
245 1 0 |a Tvorba diferencovaných projektov účasti obyvateľstva na cestovnom ruchu a zotavení so zameraním na potreby geroprofylaxie  |b výskumná úloha 
264 1 |a Bratislava  |b Vysoká škola ekonomická  |c 1982 
300 |a 70 s.